[Event "Bad Godesberg op 17th"]
[Site "Bad Godesberg"]
[Date "2013.08.06"]
[Round "4"]
[White "Memmesheimer, Thomas"]
[Black "Hoeper, Heinz Joachim"]
[Result "1/2-1/2"]
[WhiteElo "1772"]
[BlackElo "1804"]
[PlyCount "42"]
[EventDate "2013.08.03"]
[EventType "swiss"]
[EventRounds "9"]
[EventCountry "GER"]
[SourceTitle "CBM 155 Extra"]
[Source "ChessBase"]
[SourceDate "2013.08.26"]
[SourceVersion "1"]
[SourceVersionDate "2013.08.26"]
[SourceQuality "1"]

1. d4 c5 2. e3 d5 3. Nf3 cxd4 4. exd4 Nf6 5. Bd3 g6 6. Bf4 Nc6 7. c3 Bg7 8. h3 Nh5 9. Bh2 Bh6 10. 0-0 Bf4 11. Nbd2 Bxh2+ 12. Kxh2 Qd6+ 13. Kg1 Nf4 14. Bc2 0-0 15. Re1 f6 16. Kh1 e5 17. dxe5 fxe5 18. Nc4 Qc5 19. Ncxe5 Qxf2 20. Qd2 Qxd2 21. Nxd2 Bf5 1/2-1/2

[Event "Leverkusen Bayer op 10th"]
[Site "Leverkusen"]
[Date "2012.03.21"]
[Round "6"]
[White "Hoeper, Heinz Joachim"]
[Black "Wehr, Guenter"]
[Result "1-0"]
[WhiteElo "1416"]
[BlackElo "1527"]
[PlyCount "45"]
[EventDate "2012.01.11"]
[EventType "swiss"]
[EventRounds "7"]
[EventCountry "GER"]
[SourceTitle "EXT 2014"]
[Source "ChessBase"]
[SourceDate "2013.11.20"]
[SourceVersion "1"]
[SourceVersionDate "2013.11.20"]
[SourceQuality "1"]

1. d4 d5 2. Nf3 Nf6 3. e3 c5 4. c4 e6 5. Bd3 Nc6 6. 0-0 cxd4 7. exd4 dxc4 8. Bxc4 Bd6 9. Nc3 0-0 10. Re1 a6 11. Bg5 h6 12. Bh4 Be7 13. Bg3 b5 14. Bd3 Bb7 15. a3 Rc8 16. Ne2 Kh8 17. b4 Nh5 18. Be5 Nxe5 19. Nxe5 Nf6 20. Bb1 Bd6 21. Ba2 Nd7 22. Ng3 Re8 23. Nxf7+ 1-0

[Event "Leverkusen Bayer op 10th"]
[Site "Leverkusen"]
[Date "2012.03.07"]
[Round "5"]
[White "Gnass, Arno"]
[Black "Hoeper, Heinz Joachim"]
[Result "1-0"]
[WhiteElo "1589"]
[BlackElo "1416"]
[PlyCount "117"]
[EventDate "2012.01.11"]
[EventType "swiss"]
[EventRounds "7"]
[EventCountry "GER"]
[SourceTitle "EXT 2014"]
[Source "ChessBase"]
[SourceDate "2013.11.20"]
[SourceVersion "1"]
[SourceVersionDate "2013.11.20"]
[SourceQuality "1"]

1. d4 Nf6 2. c4 g6 3. Nc3 Bg7 4. e4 d6 5. Nf3 0-0 6. Bd3 Nbd7 7. 0-0 e5 8. d5 Nc5 9. Bc2 Bg4 10. Be3 Bd7 11. Qd2 Ng4 12. Bxc5 dxc5 13. h3 Bh6 14. Qe2 Nf6 15. Nxe5 Nh5 16. Nxd7 Qxd7 17. Rad1 Qd6 18. Rfe1 Qe5 19. Qf3 Rfd8 20. Bb1 Rd6 21. g3 Rf6 22. Qg2 Qg5 23. Ne2 Qe5 24. b3 Re8 25. Kh1 c6 26. f4 Nxg3+ 27. Qxg3 Bxf4 28. Nxf4 Rxf4 29. Qg2 Rd8 30. Rf1 Rxf1+ 31. Rxf1 Rd6 32. Qh2 f6 33. Qxe5 fxe5 34. Kg2 a5 35. Rf3 b5 36. Kg3 Kg7 37. h4 h5 38. dxc6 b4 39. c7 Rc6 40. Rd3 Rxc7 41. Rd6 Kf7 42. Kf3 Kg7 43. Ke3 Kf7 44. Bd3 Kg7 45. Bf1 Kf7 46. Bh3 Kg7 47. Be6 Kf8 48. Bd5 Kg7 49. Ra6 g5 50. hxg5 h4 51. Rh6 a4 52. bxa4 h3 53. Rxh3 b3 54. axb3 Rc8 55. Kd2 Kg6 56. Rg3 Kg7 57. Rf3 Rh8 58. a5 Kg6 59. a6 1-0

[Event "Leverkusen Bayer op 10th"]
[Site "Leverkusen"]
[Date "2012.02.22"]
[Round "4"]
[White "Hoeper, Heinz Joachim"]
[Black "Skiber, Friedel"]
[Result "1-0"]
[WhiteElo "1416"]
[BlackElo "1554"]
[PlyCount "66"]
[EventDate "2012.01.11"]
[EventType "swiss"]
[EventRounds "7"]
[EventCountry "GER"]
[SourceTitle "EXT 2014"]
[Source "ChessBase"]
[SourceDate "2013.11.20"]
[SourceVersion "1"]
[SourceVersionDate "2013.11.20"]
[SourceQuality "1"]

1. d4 Nf6 2. Nf3 g6 3. c4 Bg7 4. Nc3 Na6 5. e4 c5 6. d5 d6 7. h3 Nc7 8. Bg5 a6 9. e5 dxe5 10. Nxe5 Qd6 11. Bf4 Nh5 12. Nxg6 Nxf4 13. Nxh8 Bxh8 14. Rc1 Bf5 15. Qf3 Bd4 16. Kd2 Qh6 17. Kd1 e5 18. g4 e4 19. Nxe4 Bg6 20. Nd6+ Kd7 21. Nxb7 Re8 22. Qa3 Bxf2 23. Nxc5+ Kc8 24. Bd3 Nxd3 25. Nxd3 Qe3 26. Kc2 Qe2+ 27. Kb3 Bxd3 28. Ka4 Bxc4 29. d6 Bb5+ 30. Ka5 Qd2+ 31. Rc3 Qxd6 32. Qxd6 Bb6+ 33. Kxb6 Re7 1-0

[Event "Leverkusen Bayer op 10th"]
[Site "Leverkusen"]
[Date "2012.01.25"]
[Round "2"]
[White "Hoeper, Heinz Joachim"]
[Black "Puetzkaul, Karl"]
[Result "0-1"]
[WhiteElo "1416"]
[BlackElo "1778"]
[PlyCount "76"]
[EventDate "2012.01.11"]
[EventType "swiss"]
[EventRounds "7"]
[EventCountry "GER"]
[SourceTitle "EXT 2014"]
[Source "ChessBase"]
[SourceDate "2013.11.20"]
[SourceVersion "1"]
[SourceVersionDate "2013.11.20"]
[SourceQuality "1"]

1. e4 c5 2. d4 cxd4 3. c3 d3 4. Nf3 Nc6 5. Bf4 d6 6. Bxd3 g6 7. Bc4 Bg7 8. Ng5 Nh6 9. Nd2 0-0 10. Ndf3 Bg4 11. h3 Bxf3 12. gxf3 Ne5 13. Bd5 e6 14. Bxe6 fxe6 15. Nxe6 Qe7 16. Nxf8 Rxf8 17. Bxe5 Bxe5 18. h4 Kg7 19. Qd3 Qf7 20. Ke2 a6 21. Rhg1 Qf4 22. h5 g5 23. Qe3 Nf7 24. Rg4 Qf6 25. Rag1 Kh8 26. Qd3 h6 27. R1g2 Nd8 28. f4 Bxf4 29. f3 Ne6 30. Rg1 Be5 31. Kf2 Nf4 32. Rxf4 Qxf4 33. Qe3 Qxe3+ 34. Kxe3 Rf4 35. Rh1 Rh4 36. Rxh4 gxh4 37. Kf2 h3 38. c4 Kg7 0-1

[Event "Cologne Ford op 17th"]
[Site "Cologne"]
[Date "2011.05.30"]
[Round "7"]
[White "Fimmers, Heinrich"]
[Black "Hoeper, Heinz Joachim"]
[Result "0-1"]
[WhiteElo "1548"]
[BlackElo "1382"]
[PlyCount "90"]
[EventDate "2011.04.12"]
[EventType "swiss"]
[EventRounds "7"]
[EventCountry "GER"]
[SourceTitle "EXT 2012"]
[Source "ChessBase"]
[SourceDate "2011.11.24"]
[SourceVersion "1"]
[SourceVersionDate "2011.11.24"]
[SourceQuality "1"]

1. d4 d5 2. c4 e6 3. Nc3 Nf6 4. Bg5 Be7 5. e3 c5 6. Nf3 Nc6 7. cxd5 Nxd5 8. Bxe7 Qxe7 9. Bb5 Bd7 10. 0-0 a6 11. Nxd5 exd5 12. Bxc6 bxc6 13. dxc5 Qxc5 14. Rc1 Qe7 15. Qd4 f6 16. Nd2 0-0 17. e4 Qe5 18. Qxe5 fxe5 19. exd5 cxd5 20. Rc5 Be6 21. Nf3 e4 22. Ng5 Bf5 23. Rxd5 h6 24. Nh3 g5 25. Re1 Rad8 26. Rxd8 Rxd8 27. f4 exf3 28. Nf2 fxg2 29. Kxg2 Kf7 30. b4 Rd2 31. Ra1 Ke6 32. a3 Kd5 33. Rc1 Bc2 34. Kg3 h5 35. Re1 Bf5 36. Re3 h4+ 37. Kg2 Kd4 38. Re8 Kc3 39. Re5 Bd7 40. Rxg5 Kb3 41. Rc5 Bb5 42. Rh5 Bc6+ 43. Kf1 Kxa3 44. Rxh4 Bb5+ 45. Ke1 Rc2 0-1

[Event "Cologne Ford op 17th"]
[Site "Cologne"]
[Date "2011.05.16"]
[Round "5"]
[White "Hoeper, Heinz Joachim"]
[Black "Jordans, Ralph"]
[Result "1/2-1/2"]
[WhiteElo "1382"]
[BlackElo "1750"]
[PlyCount "49"]
[EventDate "2011.04.12"]
[EventType "swiss"]
[EventRounds "7"]
[EventCountry "GER"]
[SourceTitle "EXT 2012"]
[Source "ChessBase"]
[SourceDate "2011.11.24"]
[SourceVersion "1"]
[SourceVersionDate "2011.11.24"]
[SourceQuality "1"]

1. e4 c5 2. Nf3 d6 3. d4 cxd4 4. c3 Nf6 5. Qxd4 Nc6 6. Bb5 Bd7 7. Qd3 a6 8. Bc4 e6 9. Bg5 h6 10. Bh4 g5 11. Bg3 Qb6 12. Nbd2 Ng4 13. Bb3 Nge5 14. Qe2 Be7 15. 0-0-0 Qc7 16. Nxe5 dxe5 17. Kb1 h5 18. h4 g4 19. f3 f5 20. fxg4 hxg4 21. h5 0-0-0 22. Bf2 Rh7 23. Nc4 Kb8 24. Bb6 Qc8 25. Bxd8 1/2-1/2

[Event "Cologne Ford op 17th"]
[Site "Cologne"]
[Date "2011.05.02"]
[Round "3"]
[White "Hoeper, Heinz Joachim"]
[Black "Dabringhaus, Christian"]
[Result "1/2-1/2"]
[WhiteElo "1382"]
[BlackElo "1665"]
[PlyCount "35"]
[EventDate "2011.04.12"]
[EventType "swiss"]
[EventRounds "7"]
[EventCountry "GER"]
[SourceTitle "EXT 2012"]
[Source "ChessBase"]
[SourceDate "2011.11.24"]
[SourceVersion "1"]
[SourceVersionDate "2011.11.24"]
[SourceQuality "1"]

1. e4 d5 2. exd5 Qxd5 3. d4 c6 4. Nf3 Bg4 5. Be2 e6 6. Nc3 Qa5 7. Bd2 Qc7 8. Ne5 Bf5 9. Bf4 Bd6 10. Qd2 Nf6 11. h3 Nbd7 12. g4 Bg6 13. Nxg6 hxg6 14. Be3 0-0-0 15. g5 Nd5 16. Nxd5 cxd5 17. c4 Nb8 18. cxd5 1/2-1/2

[Event "Leverkusen-ch op"]
[Site "Leverkusen"]
[Date "2010.04.26"]
[Round "7"]
[White "Balduan, Karl Heinz"]
[Black "Hoeper, Heinz Joachim"]
[Result "1-0"]
[WhiteElo "1490"]
[BlackElo "1426"]
[PlyCount "97"]
[EventDate "2010.01.18"]
[EventType "swiss"]
[EventRounds "7"]
[EventCountry "GER"]
[SourceTitle "EXT 2011"]
[Source "ChessBase"]
[SourceDate "2010.11.26"]
[SourceVersion "1"]
[SourceVersionDate "2010.11.26"]
[SourceQuality "1"]

1. d4 d5 2. Nf3 Bf5 3. Bf4 Nf6 4. Nbd2 e6 5. e3 Bd6 6. Ne5 Nbd7 7. c4 Bb4 8. a3 Bxd2+ 9. Qxd2 0-0 10. Bg5 Ne4 11. Bxd8 Nxd2 12. Bxc7 Nxe5 13. Bxe5 Nb3 14. Rd1 Bc2 15. cxd5 exd5 16. Be2 Rac8 17. 0-0 Bxd1 18. Rxd1 Rc2 19. Bf3 Rfc8 20. h3 Rxb2 21. Bxd5 Rc1 22. Bxb3 Rxd1+ 23. Bxd1 Rb1 24. Kf1 Rxd1+ 25. Ke2 Ra1 26. Bd6 Ra2+ 27. Kf3 f5 28. g3 a5 29. Kg2 b5 30. Kf1 Rb2 31. g4 fxg4 32. hxg4 a4 33. d5 Kf7 34. e4 b4 35. e5 b3 36. e6+ Ke8 37. Be5 Rd2 38. Bxg7 Rxd5 39. f4 Rd2 40. f5 Ke7 41. g5 Ra2 42. Bf6+ Ke8 43. g6 hxg6 44. fxg6 b2 45. Bxb2 Rxb2 46. g7 Rb1+ 47. Kf2 Rb2+ 48. Kf3 Rb3+ 49. Kf4 1-0

[Event "Cologne Ford op"]
[Site "Cologne"]
[Date "2009.04.27"]
[Round "1"]
[White "Jordans, Ralph"]
[Black "Hoeper, Heinz Joachim"]
[Result "1-0"]
[WhiteElo "1805"]
[BlackElo "1369"]
[PlyCount "91"]
[EventDate "2009.04.27"]
[EventType "swiss"]
[EventRounds "7"]
[EventCountry "GER"]
[SourceTitle "EXT 2011"]
[Source "ChessBase"]
[SourceDate "2010.11.26"]
[SourceVersion "1"]
[SourceVersionDate "2010.11.26"]
[SourceQuality "1"]

1. c4 c5 2. Nc3 e5 3. d3 Nc6 4. g3 Nf6 5. Bg2 Be7 6. Nf3 d6 7. h3 Rb8 8. g4 Bd7 9. e3 Nb4 10. 0-0 Bc6 11. a3 Na6 12. e4 Nc7 13. b4 cxb4 14. axb4 a6 15. b5 Bd7 16. g5 Ng8 17. Rb1 h6 18. g6 fxg6 19. b6 Ne6 20. Nd5 Nf6 21. Nxe7 Kxe7 22. Ba3 Nf4 23. Nxe5 Nxh3+ 24. Kh1 Qe8 25. f4 g5 26. f5 Nf4 27. Rxf4 gxf4 28. Ng6+ Kf7 29. Bxd6 Ba4 30. Qe2 Kg8 31. c5 h5 32. Bxb8 Qxb8 33. Qa2+ Kh7 34. Nxh8 f3 35. Bxf3 Qg3 36. Qg2 Qh4+ 37. Qh2 Qxh2+ 38. Kxh2 Kxh8 39. Rb4 Bc6 40. Kg3 a5 41. Rd4 a4 42. Rb4 Nd7 43. d4 a3 44. Rb1 Nf6 45. d5 a2 46. Ra1 1-0

[Event "Leverkusen-ch op"]
[Site "Leverkusen"]
[Date "2009.01.12"]
[Round "1"]
[White "Birnkott, Manfred"]
[Black "Hoeper, Heinz Joachim"]
[Result "1-0"]
[WhiteElo "1906"]
[BlackElo "1402"]
[PlyCount "93"]
[EventDate "2009.01.12"]
[EventType "swiss"]
[EventRounds "7"]
[EventCountry "GER"]
[SourceTitle "EXT 2010"]
[Source "ChessBase"]
[SourceDate "2010.11.25"]
[SourceVersion "1"]
[SourceVersionDate "2010.11.25"]
[SourceQuality "1"]

1. e4 e5 2. f4 exf4 3. Nf3 Nf6 4. Nc3 Bb4 5. e5 Bxc3 6. bxc3 Nd5 7. Bc4 Nb6 8. Bb3 d6 9. 0-0 0-0 10. d4 dxe5 11. Nxe5 Nd5 12. Qf3 Be6 13. Bxf4 c6 14. Bc1 Nd7 15. Qg3 Kh8 16. Ba3 c5 17. Nxd7 Qxd7 18. Bxc5 Rfc8 19. c4 Nf6 20. Qd3 Qc7 21. Qg3 Qd7 22. Qd3 Qc7 23. Qg3 Qxg3 24. hxg3 Ne4 25. d5 Nxc5 26. dxe6 fxe6 27. Rf7 Kg8 28. Raf1 Rf8 29. Rc7 Rxf1+ 30. Kxf1 b6 31. Ke2 h5 32. Ke3 Kh7 33. c3 Nxb3 34. axb3 Kg6 35. c5 b5 36. Rb7 a5 37. Rxb5 a4 38. bxa4 Rxa4 39. Rb4 Ra5 40. Rc4 Kf5 41. c6 Ra8 42. c7 Rc8 43. Kd4 e5+ 44. Kd5 e4 45. Kd6 e3 46. Rf4+ Kg5 47. Kd7 1-0

[Event "Troisdorf op"]
[Site "Troisdorf"]
[Date "2008.11.04"]
[Round "4"]
[White "Hoeper, Heinz Joachim"]
[Black "Gerhards, Bernd"]
[Result "0-1"]
[WhiteElo "1470"]
[BlackElo "1638"]
[PlyCount "43"]
[EventDate "2008.10.14"]
[EventType "swiss"]
[EventRounds "7"]
[EventCountry "GER"]
[SourceTitle "EXT 2011"]
[Source "ChessBase"]
[SourceDate "2010.11.26"]
[SourceVersion "1"]
[SourceVersionDate "2010.11.26"]
[SourceQuality "1"]

1. d4 Nf6 2. c4 e6 3. Nf3 b6 4. Bg5 Bb7 5. e3 Be7 6. Bxf6 Bxf6 7. Nbd2 0-0 8. Bd3 d5 9. Qc2 g6 10. Rc1 Na6 11. a3 c5 12. b3 Rc8 13. h4 cxd4 14. exd4 Qe7 15. h5 dxc4 16. bxc4 e5 17. d5 Bxd5 18. hxg6 hxg6 19. Bxg6 fxg6 20. Qxg6+ Qg7 21. Qd3 Bb7 22. Qd6 0-1

[Event "Troisdorf op"]
[Site "Troisdorf"]
[Date "2008.10.14"]
[Round "1"]
[White "Froitzheim, Ralf"]
[Black "Hoeper, Heinz Joachim"]
[Result "1-0"]
[WhiteElo "1870"]
[BlackElo "1470"]
[PlyCount "81"]
[EventDate "2008.10.14"]
[EventType "swiss"]
[EventRounds "7"]
[EventCountry "GER"]
[SourceTitle "EXT 2011"]
[Source "ChessBase"]
[SourceDate "2010.11.26"]
[SourceVersion "1"]
[SourceVersionDate "2010.11.26"]
[SourceQuality "1"]

1. c4 Nf6 2. Nc3 e5 3. g3 c6 4. Nf3 d6 5. Bg2 Be6 6. d3 Qd7 7. Ng5 Bg4 8. h3 Bh5 9. Nf3 Qc7 10. Bg5 Nbd7 11. 0-0 h6 12. Bxf6 Nxf6 13. Qa4 Be7 14. b4 0-0 15. Rfc1 Bg6 16. Nd2 Nd7 17. Qb3 Bg5 18. Rc2 Rfe8 19. a4 Bf5 20. a5 Rab8 21. Nde4 Be7 22. Qa4 Nf6 23. Rb1 Qd7 24. Kh2 Red8 25. Nxf6+ Bxf6 26. b5 cxb5 27. Qxb5 b6 28. Qxd7 Rxd7 29. axb6 axb6 30. Nd5 Bd8 31. Rcb2 Kf8 32. Nxb6 Bxb6 33. Rxb6 Rxb6 34. Rxb6 Ke7 35. g4 Be6 36. Kg3 g6 37. Be4 Rc7 38. e3 Rd7 39. f4 f6 40. Kf3 Kf7 41. f5 1-0

[Event "Leverkusen-ch op"]
[Site "Leverkusen"]
[Date "2008.04.14"]
[Round "7"]
[White "Liebsch, Felix"]
[Black "Hoeper, Heinz Joachim"]
[Result "0-1"]
[WhiteElo "1147"]
[BlackElo "1496"]
[PlyCount "60"]
[EventDate "2008.01.14"]
[EventType "swiss"]
[EventRounds "7"]
[EventCountry "GER"]
[SourceTitle "EXT 2010"]
[Source "ChessBase"]
[SourceDate "2010.11.25"]
[SourceVersion "1"]
[SourceVersionDate "2010.11.25"]
[SourceQuality "1"]

1. e4 e5 2. Nf3 d6 3. h3 h6 4. Bc4 Nf6 5. Nc3 Nc6 6. d3 Be6 7. Bxe6 fxe6 8. Be3 d5 9. exd5 exd5 10. d4 Qd6 11. dxe5 Nxe5 12. Bd4 Nxf3+ 13. Qxf3 Qe6+ 14. Ne2 Bd6 15. Bxf6 0-0 16. 0-0-0 Rxf6 17. Qxd5 Qxd5 18. Rxd5 Rxf2 19. Nc3 Rxg2 20. Nb5 Bf4+ 21. Kb1 a6 22. Rf5 Rf8 23. Rxf8+ Kxf8 24. Na7 Rh2 25. Rxh2 Bxh2 26. Nc8 g5 27. Kc1 Ke8 28. Nb6 Kf7 29. Kd2 Kg6 30. Ke3 Bg1+ 0-1

[Event "Leverkusen-ch op"]
[Site "Leverkusen"]
[Date "2008.03.16"]
[Round "6"]
[White "Hoeper, Heinz Joachim"]
[Black "Teuber, Alfons"]
[Result "1-0"]
[WhiteElo "1496"]
[BlackElo "1087"]
[PlyCount "102"]
[EventDate "2008.01.14"]
[EventType "swiss"]
[EventRounds "7"]
[EventCountry "GER"]
[SourceTitle "EXT 2010"]
[Source "ChessBase"]
[SourceDate "2010.11.25"]
[SourceVersion "1"]
[SourceVersionDate "2010.11.25"]
[SourceQuality "1"]

1. e4 e5 2. Bc4 a6 3. a4 Nf6 4. d3 Bc5 5. Nc3 d6 6. Nf3 c6 7. Bg5 h6 8. Be3 Bb4 9. 0-0 Ng4 10. h3 Nxe3 11. fxe3 0-0 12. Ne2 Nd7 13. c3 Bc5 14. d4 Ba7 15. a5 Nf6 16. Ng3 b6 17. dxe5 Nxe4 18. Nxe4 d5 19. Nd4 Bb7 20. Nd6 dxc4 21. Nxb7 Qd5 22. Rf5 b5 23. e6 Qe4 24. Qf3 Qxf3 25. Rxf3 Bxd4 26. exf7+ Rxf7 27. Rxf7 Bxe3+ 28. Rf2 Rf8 29. Raf1 Rf6 30. g3 c5 31. Kg2 b4 32. Rxf6 gxf6 33. Rxf6 Kg7 34. Rxa6 Bc1 35. Rb6 Bxb2 36. a6 bxc3 37. a7 c2 38. Nxc5 c1Q 39. Ne6+ Kh7 40. Rb7+ Kg6 41. Nf4+ Kg5 42. Rb5+ Kf6 43. a8Q Qd2+ 44. Kh1 Qe1+ 45. Kh2 Qf2+ 46. Ng2 Kg6 47. Qe8+ Qf7 48. Nf4+ Kg7 49. Nh5+ Kg6 50. Rb6+ Bf6 51. Rxf6+ Kxh5 1-0

[Event "Troisdorf op"]
[Site "Troisdorf"]
[Date "2007.11.13"]
[Round "5"]
[White "Rozsa, Sandor"]
[Black "Hoeper, Heinz Joachim"]
[Result "0-1"]
[WhiteElo "1702"]
[BlackElo "1513"]
[PlyCount "77"]
[EventDate "2007.10.16"]
[EventType "swiss"]
[EventRounds "5"]
[EventCountry "GER"]
[SourceTitle "EXT 2011"]
[Source "ChessBase"]
[SourceDate "2010.11.26"]
[SourceVersion "1"]
[SourceVersionDate "2010.11.26"]
[SourceQuality "1"]

1. e4 d5 2. exd5 Qxd5 3. Nc3 Qa5 4. Nf3 Bf5 5. Bc4 e6 6. d4 Nf6 7. Bd2 c6 8. 0-0 Nbd7 9. a3 Qc7 10. h3 a6 11. Re1 Be7 12. Ng5 Nd5 13. Qf3 N7f6 14. Re5 Bxc2 15. Rae1 Bg6 16. Bd3 Bh5 17. g4 Bg6 18. Nxd5 cxd5 19. Bxg6 hxg6 20. Nxe6 fxe6 21. Rxe6 0-0 22. Rxe7 Qb6 23. Qg2 Qxb2 24. Bb4 Rfe8 25. Rxe8+ Nxe8 26. Qxd5+ Kh7 27. Qxb7 Rd8 28. Qc6 Nf6 29. Bc5 Qc3 30. Re3 Qc1+ 31. Kg2 Qc4 32. Qe6 Qxe6 33. Rxe6 Ra8 34. Kg3 a5 35. f3 Nd5 36. Re5 Nf6 37. Bb6 Nd7 38. Re6 Ra6 39. d5 0-1

[Event "Leverkusen-ch op"]
[Site "Leverkusen"]
[Date "2007.03.12"]
[Round "6"]
[White "Hoeper, Heinz Joachim"]
[Black "Reiter, Ute"]
[Result "1-0"]
[WhiteElo "1544"]
[BlackElo "1090"]
[PlyCount "71"]
[EventDate "2007.01.08"]
[EventType "swiss"]
[EventRounds "7"]
[EventCountry "GER"]
[SourceTitle "EXT 2008"]
[Source "ChessBase"]
[SourceDate "2007.11.25"]
[SourceVersion "1"]
[SourceVersionDate "2007.11.25"]
[SourceQuality "1"]

1. Nf3 b6 2. e4 Bb7 3. Nc3 Nc6 4. d4 e6 5. Bf4 d6 6. Bb5 Nge7 7. Bg5 d5 8. 0-0 a6 9. Ba4 b5 10. Bb3 Qd7 11. exd5 exd5 12. Re1 0-0-0 13. a4 b4 14. Na2 a5 15. c3 f6 16. Bd2 Ng6 17. cxb4 Bxb4 18. Nxb4 axb4 19. a5 Ba6 20. Ba4 Qd6 21. Bxc6 Qxc6 22. Bxb4 h5 23. Bc5 Nf4 24. Ra3 Kd7 25. Re7+ Kc8 26. Qb1 g5 27. b4 Bb5 28. Qa1 g4 29. Nh4 Rhe8 30. Nf5 Ne6 31. a6 Nxc5 32. bxc5 Kb8 33. Qe1 Ka7 34. Qa5 Rxe7 35. Nxe7 Qxa6 36. Qxc7+ 1-0

[Event "Troisdorf op"]
[Site "Troisdorf"]
[Date "2006.11.28"]
[Round "6"]
[White "Hoeper, Heinz Joachim"]
[Black "Graf, Rodolfo"]
[Result "0-1"]
[WhiteElo "1485"]
[BlackElo "1750"]
[PlyCount "126"]
[EventDate "2006.10.24"]
[EventType "swiss"]
[EventRounds "7"]
[EventCountry "GER"]
[SourceTitle "EXT 2011"]
[Source "ChessBase"]
[SourceDate "2010.11.26"]
[SourceVersion "1"]
[SourceVersionDate "2010.11.26"]
[SourceQuality "1"]

1. Nf3 Nf6 2. g3 g6 3. d4 d6 4. Bf4 Bf5 5. Nc3 c6 6. Nh4 Bg4 7. h3 Bd7 8. Qd2 h6 9. Qd3 Bg7 10. Qe3 g5 11. Bxd6 gxh4 12. gxh4 Be6 13. Be5 Nbd7 14. 0-0-0 Qa5 15. Rg1 Rg8 16. Bxf6 Nxf6 17. Bg2 0-0-0 18. Qd3 Bxa2 19. Kd2 Bd5 20. Ra1 Qb6 21. e3 Bxg2 22. Rxg2 Bh8 23. Rxg8 Rxg8 24. Qc4 e6 25. b4 Kb8 26. Qc5 Qxc5 27. bxc5 Nd5 28. Ne4 f5 29. Nd6 Nc7 30. Rb1 Nb5 31. Nf7 Rg2 32. Nxh8 Rxf2+ 33. Kd3 Rf3 34. Nf7 Rxh3 35. c4 Na3 36. Rb3 f4 37. Ke2 Nxc4 38. Nxh6 Rxh4 39. Nf7 Rh2+ 40. Kd3 Rb2 41. Rxb2 Nxb2+ 42. Kc2 fxe3 43. Ng5 Nc4 44. Kd3 e2 45. Nf3 e1Q 46. Nxe1 Na5 47. Ke4 Kc7 48. Nf3 b5 49. Kd3 Nc4 50. Ng5 Kd7 51. Ne4 Ke7 52. Kc3 a5 53. Kb3 e5 54. dxe5 Nxe5 55. Ng5 Kf6 56. Ne4+ Ke6 57. Nd6 Kd5 58. Nb7 a4+ 59. Ka3 Nd3 60. Ka2 Nxc5 61. Na5 Na6 62. Ka3 Kd6 63. Ka2 Kc7 0-1

[Event "Troisdorf op"]
[Site "Troisdorf"]
[Date "2006.11.21"]
[Round "5"]
[White "Heck, Ewald"]
[Black "Hoeper, Heinz Joachim"]
[Result "1-0"]
[WhiteElo "1832"]
[BlackElo "1485"]
[PlyCount "24"]
[EventDate "2006.10.24"]
[EventType "swiss"]
[EventRounds "7"]
[EventCountry "GER"]
[SourceTitle "EXT 2011"]
[Source "ChessBase"]
[SourceDate "2010.11.26"]
[SourceVersion "1"]
[SourceVersionDate "2010.11.26"]
[SourceQuality "1"]

1. d4 f5 2. c4 Nf6 3. Nc3 e6 4. Nf3 d6 5. Qc2 Be7 6. e4 fxe4 7. Nxe4 0-0 8. Bd3 g6 9. Bh6 Rf7 10. Neg5 Rg7 11. Bxg7 Kxg7 12. 0-0-0 Nbd7 1-0

[Event "Troisdorf op"]
[Site "Troisdorf"]
[Date "2006.11.07"]
[Round "3"]
[White "Campos, Alberto"]
[Black "Hoeper, Heinz Joachim"]
[Result "0-1"]
[WhiteElo "1670"]
[BlackElo "1485"]
[PlyCount "42"]
[EventDate "2006.10.24"]
[EventType "swiss"]
[EventRounds "7"]
[EventCountry "GER"]
[SourceTitle "EXT 2011"]
[Source "ChessBase"]
[SourceDate "2010.11.26"]
[SourceVersion "1"]
[SourceVersionDate "2010.11.26"]
[SourceQuality "1"]

1. c4 g6 2. Nc3 d6 3. g3 Bg7 4. Bg2 e5 5. Nf3 Nc6 6. 0-0 Be6 7. d3 Nf6 8. a3 Qd7 9. Bd2 Bh3 10. e3 Bxg2 11. Kxg2 a5 12. d4 0-0 13. d5 Ne7 14. e4 Nh5 15. Qc2 f5 16. Ng5 f4 17. Ne6 Rf7 18. b4 Bh6 19. bxa5 Ng7 20. Qa4 Qxa4 21. Nxa4 f3+ 0-1

[Event "Troisdorf op"]
[Site "Troisdorf"]
[Date "2006.10.24"]
[Round "1"]
[White "Engels, Gerd"]
[Black "Hoeper, Heinz Joachim"]
[Result "1/2-1/2"]
[WhiteElo "1823"]
[BlackElo "1485"]
[PlyCount "44"]
[EventDate "2006.10.24"]
[EventType "swiss"]
[EventRounds "7"]
[EventCountry "GER"]
[SourceTitle "EXT 2011"]
[Source "ChessBase"]
[SourceDate "2010.11.26"]
[SourceVersion "1"]
[SourceVersionDate "2010.11.26"]
[SourceQuality "1"]

1. d4 Nf6 2. Nf3 d5 3. e3 b6 4. Bd3 Bg4 5. Nbd2 Nbd7 6. 0-0 e6 7. c3 c5 8. h3 Bf5 9. Bxf5 exf5 10. Nh2 Bd6 11. Qf3 Qc7 12. g3 g6 13. c4 Qb7 14. cxd5 Qxd5 15. Nc4 Ne4 16. Nxd6+ Qxd6 17. g4 Qe6 18. gxf5 gxf5 19. Rd1 Rg8+ 20. Kh1 Qd5 21. Rf1 0-0-0 22. Bd2 Ndf6 1/2-1/2

[Event "Leverkusen-ch op"]
[Site "Leverkusen"]
[Date "2005.02.14"]
[Round "4"]
[White "Friedsam, Manfred"]
[Black "Hoeper, Heinz Joachim"]
[Result "1-0"]
[WhiteElo "1800"]
[BlackElo "1597"]
[PlyCount "89"]
[EventDate "2005.01.10"]
[EventType "swiss"]
[EventRounds "9"]
[EventCountry "GER"]
[SourceTitle "EXT 2006"]
[Source "ChessBase"]
[SourceDate "2005.11.24"]
[SourceVersion "1"]
[SourceVersionDate "2005.11.24"]
[SourceQuality "1"]

1. e4 d5 2. exd5 Qxd5 3. Nc3 Qa5 4. Nf3 c6 5. d4 Bf5 6. g3 Nf6 7. Bd2 Qc7 8. Bg2 e6 9. Bf4 Bd6 10. Bxd6 Qxd6 11. Qe2 Nbd7 12. 0-0-0 Nb6 13. Nh4 Bg6 14. Nxg6 hxg6 15. h4 Rh5 16. Rhe1 Ra5 17. a3 a6 18. Qd3 Na4 19. Nxa4 Rxa4 20. Qb3 b5 21. d5 cxd5 22. Bxd5 Nxd5 23. Qxd5 Qxd5 24. Rxd5 b4 25. Rd4 Rb8 26. Ree4 Ra5 27. Rxb4 Rd8 28. Red4 Rxd4 29. Rxd4 Ke7 30. c4 Rf5 31. f4 e5 32. fxe5 Rf1+ 33. Kd2 Rf2+ 34. Kc3 Ke6 35. Rd2 Rf3+ 36. Rd3 Rf5 37. Re3 g5 38. hxg5 Rxg5 39. b4 Rf5 40. Kd4 g5 41. b5 axb5 42. cxb5 Kd7 43. Ke4 Rf1 44. Rf3 Rb1 45. Rxf7+ 1-0